| 000 | 00325cam a2200133ua 4500 | ||
|---|---|---|---|
| 020 | _a8183210570 | ||
| 082 |
_a631.583 _bSAL/GR |
||
| 100 | _aSalokhe, Vilas M | ||
| 245 | _aGreenhouse technology and applications / | ||
| 260 |
_aUdaipur : _bATAP , _c2006. |
||
| 300 |
_a280 ; _e`. |
||
| 700 | _aSharma, Ajay K | ||
| 942 | _cBK | ||
| 999 |
_c13091 _d13091 |
||